00779nam a2200265Ia 4500008004000000020001800040041000800058082001700066100004800083245004100131250000500172260005400177300000900231650001400240650001000254650000700264650001100271650000600282650000700288650001000295690001200305906001100317999001900328952016600347210210b2009 xxu||||| |||| 00| 0 eng d a9788123015576 aeng a050.954 INDI aINDIA, Government of, Publications Division aIndia 2009: a reference annual Ed 53 a aNew DelhibMinistry of I & B Govt. of Indiac2009 a1259 areference aIndia aEd aannual aa a53 a2009: aSerials a063499 c136299d136299 001040708GeneralaALbALcGenerald2021-02-17eWest Coast Paper & Stationers Mangalore-1g345.00l0o050.954 INDIp063499r2021-02-17 00:00:00w2021-02-17yBK